00469cam a22001217a 4500008004000000082001500040245008800055260005000143300000900193700004000202999001900242952008600261180718b1959 xxu||||| |||| 00| 0 eng d aY4x42 Un3f aReport of the forest of dean committee 1958cby Forestry Commission, United Kingdom aLondonbHer Majesty's Stationery Officec1959 a58p. aUnited Kingdom. Forestry Commission c426339d426339 00104070aIIPAbIIPAd2009-10-27oY4x42 Un3fp18277r2018-07-21w2018-07-21yBK